[Event "Sopo Region-ch"]
[Site "Sopo"]
[Date "2021.07.24"]
[Round "1"]
[White "Lopez Ramirez, Daniel Giovanny"]
[Black "Almanza, Rafael Andres"]
[Result "0-1"]
[WhiteElo "1820"]
[BlackElo "2173"]
[PlyCount "96"]
[EventDate "2021.07.24"]
[EventType "swiss"]
[EventRounds "5"]
[EventCountry "COL"]
[SourceTitle "EXT 2022"]
[Source "ChessBase"]
[SourceDate "2021.10.06"]
[SourceVersion "1"]
[SourceVersionDate "2021.10.06"]
[SourceQuality "1"]

1. e4 e6 2. d4 d5 3. Bd3 dxe4 4. Bxe4 Nf6 5. Bf3 Nbd7 6. Ne2 Bd6 7. 0-0 0-0 8. Ng3 Re8 9. Nc3 e5 10. d5 Nb6 11. Qd3 Bb4 12. Bg5 h6 13. a3 Bxc3 14. Bxf6 Qxf6 15. Qxc3 Qd6 16. Ne4 Qe7 17. Qb3 f5 18. Bh5 Rf8 19. d6+ Qe6 20. Qxe6+ Bxe6 21. Nc5 Bf7 22. Bxf7+ Rxf7 23. dxc7 Rxc7 24. b4 Nc4 25. Rfd1 a5 26. c3 Kf7 27. Rd7+ Rxd7 28. Nxd7 Rd8 29. Nc5 b6 30. Na4 axb4 31. cxb4 Rd3 32. h3 b5 33. Nc5 Rxa3 34. Rd1 Ra7 35. Rd5 Kf6 36. Nd3 Ra1+ 37. Kh2 Rd1 38. Nf4 Rb1 39. Nh5+ Kg6 40. g4 fxg4 41. hxg4 Kg5 42. Rxb5 Kxg4 43. Nxg7 Kf3 44. Rb8 Kxf2 45. Nf5 Nd2 46. b5 Nf3+ 47. Kh3 Rh1+ 48. Kg4 h5# 0-1

[Event "Sopo Region-ch"]
[Site "Sopo"]
[Date "2021.07.24"]
[Round "3"]
[White "Sabogal Varela, Jose Joaquin"]
[Black "Almanza, Rafael Andres"]
[Result "0-1"]
[WhiteElo "1849"]
[BlackElo "2173"]
[PlyCount "106"]
[EventDate "2021.07.24"]
[EventType "swiss"]
[EventRounds "5"]
[EventCountry "COL"]
[SourceTitle "EXT 2022"]
[Source "ChessBase"]
[SourceDate "2021.10.06"]
[SourceVersion "1"]
[SourceVersionDate "2021.10.06"]
[SourceQuality "1"]

1. d4 Nf6 2. Bf4 g6 3. Nc3 d5 4. Nf3 Bg7 5. e3 c5 6. Be2 0-0 7. 0-0 cxd4 8. exd4 Nc6 9. Ne5 Qb6 10. Nxc6 Qxc6 11. h3 Bf5 12. Re1 a6 13. a4 Rfd8 14. a5 Rac8 15. f3 Nd7 16. Bf1 Re8 17. g4 Be6 18. Qd2 b5 19. axb6 Qxb6 20. Rxa6 Qxd4+ 21. Qxd4 Bxd4+ 22. Kg2 Bxc3 23. bxc3 Rxc3 24. Bd3 Nc5 25. Ra7 Rxd3 26. cxd3 Nxd3 27. Bd2 Nxe1+ 28. Bxe1 f6 29. Bb4 Kf7 30. h4 h5 31. Kg3 d4 32. Kf4 Bd5 33. Bc5 d3 34. Ke3 d2 35. Kxd2 Bxf3 36. gxh5 Bxh5 37. Ke3 Bg4 38. Kf4 Bc8 39. Bb4 Ke6 40. Ke4 Bd7 41. Ra6+ Kf7 42. Ra7 Rh8 43. Be1 Bc6+ 44. Kf4 Rb8 45. Rc7 Bd5 46. Bf2 Rb4+ 47. Kg3 Rb3+ 48. Kh2 Rb2 49. Kg3 Rb3+ 50. Kg4 Ke8 51. Bc5 e5 52. Re7+ Kd8 53. Rg7 Be6# 0-1

[Event "Mosquera op"]
[Site "Mosquera"]
[Date "2014.10.31"]
[Round "2"]
[White "Almanza, Rafael Andres"]
[Black "Ordonez Gonzalez, Gabriel"]
[Result "1-0"]
[WhiteElo "2182"]
[BlackElo "1900"]
[PlyCount "63"]
[EventDate "2014.10.30"]
[EventType "swiss"]
[EventRounds "9"]
[EventCountry "COL"]
[SourceTitle "EXT 2015"]
[Source "ChessBase"]
[SourceDate "2014.11.20"]
[SourceVersion "1"]
[SourceVersionDate "2014.11.20"]
[SourceQuality "1"]

1. e4 c5 2. Nf3 e6 3. c3 d5 4. e5 Nc6 5. d4 Nge7 6. Bd3 Qb6 7. 0-0 Bd7 8. dxc5 Qxc5 9. Nbd2 Ng6 10. Nb3 Qb6 11. Re1 Qc7 12. Qe2 Rc8 13. Nbd4 Qb8 14. h4 Bc5 15. h5 Nge7 16. Nb5 a6 17. Be3 Nxe5 18. Bf4 Bxf2+ 19. Qxf2 Nxd3 20. Bxb8 Nxf2 21. Nd6+ Kf8 22. Nxc8 Nh3+ 23. gxh3 Nxc8 24. Be5 f6 25. Bd4 Kf7 26. Rf1 Bb5 27. Rf2 Re8 28. a4 Bc6 29. Ne5+ Kg8 30. Nxc6 bxc6 31. h6 e5 32. Bc5 1-0

[Event "Bogota-ch sf"]
[Site "Bogota"]
[Date "2014.03.24"]
[Round "7"]
[White "Castro, Lennin David"]
[Black "Almanza, Rafael Andres"]
[Result "0-1"]
[WhiteElo "1928"]
[BlackElo "2195"]
[PlyCount "70"]
[EventDate "2014.03.21"]
[EventType "swiss"]
[EventRounds "7"]
[EventCountry "COL"]
[SourceTitle "CBM 159 Extra"]
[Source "ChessBase"]
[SourceDate "2014.04.24"]
[SourceVersion "1"]
[SourceVersionDate "2014.04.24"]
[SourceQuality "1"]

1. d4 Nf6 2. f3 d5 3. c4 c6 4. Nc3 dxc4 5. e4 b5 6. a4 b4 7. Na2 e6 8. Bg5 Nbd7 9. Bxc4 c5 10. d5 Nb6 11. Bb5+ Bd7 12. dxe6 fxe6 13. e5 Bxb5 14. Qxd8+ Rxd8 15. axb5 Rd5 16. Bxf6 gxf6 17. exf6 c4 18. Nc1 b3 19. Nge2 Bb4+ 20. Kf2 Nd7 21. Ra4 Rxb5 22. Rd1 Rb7 23. Nf4 Nc5 24. Rxb4 Rxb4 25. Nce2 Kf7 26. Nc3 Rhb8 27. Rd6 R8b6 28. Rd4 e5 29. Rd5 Na4 30. Nxa4 Rxa4 31. Rxe5 c3 32. Re7+ Kxf6 33. Nd5+ Kg6 34. Nxc3 Rc4 35. Re3 a5 0-1

[Event "Bogota-ch sf"]
[Site "Bogota"]
[Date "2014.03.22"]
[Round "2"]
[White "Almanza, Rafael Andres"]
[Black "Guzman, Campo Elias"]
[Result "1-0"]
[WhiteElo "2195"]
[BlackElo "2060"]
[PlyCount "109"]
[EventDate "2014.03.21"]
[EventType "swiss"]
[EventRounds "7"]
[EventCountry "COL"]
[SourceTitle "CBM 159 Extra"]
[Source "ChessBase"]
[SourceDate "2014.04.24"]
[SourceVersion "1"]
[SourceVersionDate "2014.04.24"]
[SourceQuality "1"]

1. e4 c5 2. Nf3 Nc6 3. d4 cxd4 4. Nxd4 Qb6 5. Nb3 Nf6 6. Nc3 e6 7. Be3 Qc7 8. f4 Bb4 9. Bd3 d5 10. e5 Nd7 11. 0-0 a6 12. Ne2 Nb6 13. c3 Be7 14. Nd2 Bd7 15. Qe1 Na4 16. b3 Nc5 17. Bc2 b6 18. Qf2 a5 19. a3 Bc8 20. b4 axb4 21. axb4 Rxa1 22. Rxa1 Nd7 23. Nd4 Nxd4 24. Bxd4 Bxb4 25. Ne4 dxe4 26. cxb4 Bb7 27. Ba4 0-0 28. Be3 Rc8 29. h3 Nf8 30. Bxb6 Qc3 31. Qd4 Qg3 32. Qe3 Qh4 33. Qf2 Qe7 34. Bc5 Qc7 35. Bb5 Nd7 36. Be3 Nf8 37. Ra7 Qb8 38. Bf1 Ng6 39. b5 Ne7 40. Bc5 Nf5 41. b6 e3 42. Bxe3 Rc3 43. Qd2 Rc8 44. Qd7 Bd5 45. Qxf7+ Kh8 46. b7 Bxb7 47. Rxb7 Qa8 48. Ba7 Rg8 49. Qxg8+ Kxg8 50. Rb8+ Qxb8 51. Bxb8 h5 52. Bd3 Ne7 53. Kf2 Kf7 54. Kf3 g6 55. Be4 1-0

[Event "Bogota-ch sf"]
[Site "Bogota"]
[Date "2014.03.22"]
[Round "3"]
[White "Garcia Alarcon, Alvaro"]
[Black "Almanza, Rafael Andres"]
[Result "1-0"]
[WhiteElo "2223"]
[BlackElo "2195"]
[PlyCount "95"]
[EventDate "2014.03.21"]
[EventType "swiss"]
[EventRounds "7"]
[EventCountry "COL"]
[SourceTitle "CBM 159 Extra"]
[Source "ChessBase"]
[SourceDate "2014.04.24"]
[SourceVersion "1"]
[SourceVersionDate "2014.04.24"]
[SourceQuality "1"]

1. d4 Nf6 2. c4 g6 3. Nc3 d5 4. f3 Bg7 5. e4 dxe4 6. fxe4 c5 7. d5 0-0 8. Be2 a6 9. Nf3 b5 10. e5 Ng4 11. Bf4 Nd7 12. cxb5 Ngxe5 13. 0-0 axb5 14. Bxb5 Bb7 15. Nxe5 Bxe5 16. Bh6 Bg7 17. Bxg7 Kxg7 18. Qe2 Nf6 19. Rad1 Bc8 20. Rd2 Bg4 21. Qe5 Qd6 22. Re1 Ra7 23. h3 Bc8 24. Rde2 Rd8 25. Bc4 Ba6 26. Bxa6 Qxa6 27. g4 h6 28. h4 Qd6 29. g5 hxg5 30. hxg5 Qxe5 31. Rxe5 Ng8 32. R1e4 Rb8 33. b3 f6 34. gxf6+ exf6 35. Re6 Rc8 36. Rc4 Rac7 37. Ne4 f5 38. Nd6 Rd8 39. Ne8+ Rxe8 40. Rxe8 Nf6 41. Re5 Ra7 42. d6 Rxa2 43. Rcxc5 Rd2 44. Re6 Rd1+ 45. Kg2 Rd2+ 46. Kf1 Ne4 47. Rc7+ Kh6 48. d7 1-0

[Event "Bogota La Florida op"]
[Site "Bogota"]
[Date "2014.02.02"]
[Round "6"]
[White "Almanza, Rafael Andres"]
[Black "Estrella Becerra, Fernando"]
[Result "1/2-1/2"]
[WhiteElo "2190"]
[BlackElo "1971"]
[PlyCount "110"]
[EventDate "2014.01.31"]
[EventType "swiss"]
[EventRounds "6"]
[EventCountry "COL"]
[SourceTitle "CBM 158 Extra"]
[Source "ChessBase"]
[SourceDate "2014.02.28"]
[SourceVersion "1"]
[SourceVersionDate "2014.02.28"]
[SourceQuality "1"]

1. e4 d5 2. exd5 Qxd5 3. Nc3 Qa5 4. d4 c6 5. Nf3 Nf6 6. Bc4 Bg4 7. h3 Qh5 8. Bf4 e6 9. Qe2 Bb4 10. 0-0-0 Bxf3 11. gxf3 Qf5 12. Bd2 Nbd7 13. Rdg1 Nd5 14. Rxg7 0-0-0 15. Qe4 Qf6 16. Rhg1 h6 17. Qg4 Bf8 18. Rg8 Rxg8 19. Qxg8 Qxf3 20. Qg3 Qf6 21. Be3 Nxc3 22. bxc3 Nb6 23. Be2 Qe7 24. Bh5 Nc4 25. Kd1 Rd5 26. Be2 Nxe3+ 27. fxe3 Rg5 28. Qf2 Rxg1+ 29. Qxg1 Qg5 30. Qf2 f5 31. h4 Qe7 32. Bc4 Kd7 33. Qg3 Qd6 34. Qg6 b5 35. Qf7+ Be7 36. Bd3 Qg3 37. c4 a6 38. d5 cxd5 39. cxb5 axb5 40. Bxb5+ Kd6 41. Qe8 Bxh4 42. Qb8+ Kc5 43. Qxg3 Bxg3 44. Bd7 Kd6 45. Bb5 Bh4 46. a4 Bd8 47. Ke2 h5 48. Kf3 h4 49. c4 dxc4 50. Bxc4 e5 51. e4 f4 52. Bf1 Kc5 53. Bh3 Kb4 54. Bd7 h3 55. Bxh3 Kxa4 1/2-1/2

[Event "Bogota La Florida op"]
[Site "Bogota"]
[Date "2014.02.02"]
[Round "5"]
[White "Ruiz Castillo, Joshua Daniel"]
[Black "Almanza, Rafael Andres"]
[Result "0-1"]
[WhiteElo "2379"]
[BlackElo "2190"]
[PlyCount "74"]
[EventDate "2014.01.31"]
[EventType "swiss"]
[EventRounds "6"]
[EventCountry "COL"]
[SourceTitle "CBM 158 Extra"]
[Source "ChessBase"]
[SourceDate "2014.02.28"]
[SourceVersion "1"]
[SourceVersionDate "2014.02.28"]
[SourceQuality "1"]

1. e4 e6 2. d4 d5 3. Nc3 Bb4 4. e5 c5 5. a3 Bxc3+ 6. bxc3 Ne7 7. Qg4 cxd4 8. Qxg7 Rg8 9. Qxh7 Qc7 10. Ne2 Nbc6 11. f4 Bd7 12. Qd3 dxc3 13. Nxc3 a6 14. Rb1 Rc8 15. Bd2 Na5 16. h3 Nc4 17. a4 Ng6 18. g3 Ngxe5 19. fxe5 Nxe5 20. Qh7 Nf3+ 21. Kd1 Rxg3 22. Qh8+ Ke7 23. Nxd5+ exd5 24. Bb4+ Ke6 25. Qh6+ f6 26. Qe3+ Ne5 27. Qd2 d4 28. Rb3 Rc3 29. Bxc3 dxc3 30. Qd4 Bc6 31. Bc4+ Ke7 32. Rg1 Bf3+ 33. Kc1 Qxc4 34. Rg7+ Ke6 35. Qb6+ Rc6 36. Qg1 Qxa4 37. Kb1 Qxb3+ 0-1

[Event "Bogota McGregor op 4th"]
[Site "Bogota"]
[Date "2013.12.07"]
[Round "6"]
[White "Suasnabar, Jesus"]
[Black "Almanza, Rafael Andres"]
[Result "0-1"]
[WhiteElo "1998"]
[BlackElo "2173"]
[PlyCount "48"]
[EventDate "2013.12.04"]
[EventType "swiss"]
[EventRounds "9"]
[EventCountry "COL"]
[SourceTitle "CBM 157 Extra"]
[Source "ChessBase"]
[SourceDate "2013.12.19"]
[SourceVersion "1"]
[SourceVersionDate "2013.12.19"]
[SourceQuality "1"]

1. e4 e6 2. d4 d5 3. Nd2 Be7 4. Ngf3 Nf6 5. Bd3 c5 6. c3 cxd4 7. cxd4 dxe4 8. Nxe4 Nc6 9. 0-0 0-0 10. Nc3 b6 11. a3 Bb7 12. Re1 g6 13. Bc2 Qd6 14. Qd3 Rfd8 15. Be3 Ng4 16. Ne4 Qd5 17. Bb3 Qf5 18. Bc2 Nce5 19. Nxe5 Nxe5 20. Qb3 Bd5 21. Ng3 Nf3+ 22. Kh1 Qg4 23. Qa4 Qh4 24. Nf1 Bd6 0-1

[Event "Bogota Students-ch 22th"]
[Site "Bogota"]
[Date "2013.11.03"]
[Round "1"]
[White "Elias Alvarez, Alfonso Jose"]
[Black "Almanza, Rafael Andres"]
[Result "0-1"]
[WhiteElo "2040"]
[BlackElo "2173"]
[PlyCount "102"]
[EventDate "2013.11.03"]
[EventType "swiss"]
[EventRounds "6"]
[EventCountry "COL"]
[SourceTitle "EXT 2014"]
[Source "ChessBase"]
[SourceDate "2013.11.20"]
[SourceVersion "1"]
[SourceVersionDate "2013.11.20"]
[SourceQuality "1"]

1. e4 e6 2. d4 d5 3. Nd2 Be7 4. Bd3 c5 5. dxc5 Nf6 6. exd5 Qxd5 7. Ngf3 Nbd7 8. 0-0 0-0 9. Re1 Nxc5 10. Bc4 Qc6 11. Ne5 Qc7 12. Qe2 b6 13. Ndf3 Nce4 14. Bd3 Bb7 15. h3 Rac8 16. c3 Bd6 17. Nc4 Be7 18. Nce5 Nc5 19. Bc4 Bd6 20. Bf4 Bd5 21. Rad1 Bxc4 22. Qxc4 Nd5 23. Bh2 Rfd8 24. Qh4 f6 25. Ng4 Bxh2+ 26. Ngxh2 e5 27. Qc4 Qf7 28. Ng4 e4 29. Nd4 Nd3 30. Qb3 Nxe1 31. Rxe1 h5 32. Ne3 Nxe3 33. Rxe3 Qxb3 34. axb3 Re8 35. g4 hxg4 36. hxg4 g6 37. b4 a6 38. Kg2 Re5 39. Kg3 Kf7 40. Re1 a5 41. b5 Rce8 42. Kf4 g5+ 43. Kg3 e3 44. f3 Rh8 45. Nf5 e2 46. Nd6+ Kg6 47. Ne4 Rxb5 48. Rxe2 Rd8 49. Rh2 Rd1 50. Re2 Rg1+ 51. Kh3 Rd5 0-1

[Event "Bogota Students-ch 22th"]
[Site "Bogota"]
[Date "2013.11.03"]
[Round "2"]
[White "Gallego Alcaraz, Andres Felipe"]
[Black "Almanza, Rafael Andres"]
[Result "1-0"]
[WhiteElo "2403"]
[BlackElo "2173"]
[PlyCount "43"]
[EventDate "2013.11.03"]
[EventType "swiss"]
[EventRounds "6"]
[EventCountry "COL"]
[SourceTitle "EXT 2014"]
[Source "ChessBase"]
[SourceDate "2013.11.20"]
[SourceVersion "1"]
[SourceVersionDate "2013.11.20"]
[SourceQuality "1"]

1. d4 Nf6 2. c4 g6 3. Nc3 d5 4. cxd5 Nxd5 5. e4 Nxc3 6. bxc3 Bg7 7. Nf3 0-0 8. Be2 c5 9. Rb1 b6 10. 0-0 Qc7 11. Bg5 Rd8 12. d5 Bxc3 13. Qc1 Bg7 14. Bf4 Qb7 15. Rd1 a6 16. Ne5 Nd7 17. Nc6 Re8 18. e5 b5 19. a4 Nb6 20. axb5 Bf5 21. bxa6 Qc7 22. e6 1-0

[Event "Bogota University op 7th"]
[Site "Bogota"]
[Date "2013.10.11"]
[Round "3"]
[White "Almanza, Rafael Andres"]
[Black "Sarmiento Tobon, Luis"]
[Result "1-0"]
[WhiteElo "2174"]
[BlackElo "1788"]
[PlyCount "42"]
[EventDate "2013.10.10"]
[EventType "swiss"]
[EventRounds "9"]
[EventCountry "COL"]
[SourceTitle "CBM 156 Extra"]
[Source "ChessBase"]
[SourceDate "2013.10.22"]
[SourceVersion "1"]
[SourceVersionDate "2013.10.22"]
[SourceQuality "1"]

1. e4 c5 2. Nf3 d6 3. d4 cxd4 4. Nxd4 Nf6 5. Nc3 a6 6. f4 e6 7. Qf3 Qc7 8. g4 e5 9. Nf5 g6 10. Ng3 Bg7 11. g5 Nfd7 12. Nd5 Qd8 13. f5 Nc6 14. Be3 Nd4 15. Qf2 b5 16. f6 Bf8 17. Bxd4 exd4 18. Qxd4 Ne5 19. 0-0-0 h6 20. Bxb5+ axb5 21. Nb6 Rxa2 1-0

[Event "Bogota University op 7th"]
[Site "Bogota"]
[Date "2013.10.10"]
[Round "1"]
[White "Almanza, Rafael Andres"]
[Black "Contreras, Henry Esteban"]
[Result "0-1"]
[WhiteElo "2174"]
[BlackElo "1800"]
[PlyCount "89"]
[EventDate "2013.10.10"]
[EventType "swiss"]
[EventRounds "9"]
[EventCountry "COL"]
[SourceTitle "CBM 156 Extra"]
[Source "ChessBase"]
[SourceDate "2013.10.22"]
[SourceVersion "1"]
[SourceVersionDate "2013.10.22"]
[SourceQuality "1"]

1. d4 Nf6 2. c4 g6 3. Nc3 Bg7 4. e4 d6 5. Be2 0-0 6. Nf3 e5 7. d5 a5 8. Bg5 h6 9. Bh4 Na6 10. b3 Bd7 11. a3 Qe8 12. Nd2 Nh7 13. f3 f5 14. 0-0 Nf6 15. Qc2 g5 16. Bf2 Qg6 17. exf5 Bxf5 18. Nde4 Nxe4 19. fxe4 Bd7 20. Qb2 c5 21. dxc6 Bxc6 22. b4 Bxe4 23. Nxe4 Qxe4 24. Bf3 Rxf3 25. gxf3 Qxc4 26. Rac1 Qb5 27. Rfd1 d5 28. Qa2 Rd8 29. Bc5 Nc7 30. a4 Qa6 31. bxa5 Qxa5 32. Qb3 b5 33. axb5 Qxb5 34. Qe3 Ne6 35. Be7 Ra8 36. Bd6 Nf8 37. Rd2 Re8 38. Ba3 d4 39. Qe4 d3 40. Kh1 Kh8 41. Rb2 Qd7 42. Bb4 Qh3 43. Rf2 Nd7 44. Qg6 Rg8 45. Rd2 0-1

[Event "COL-ch"]
[Site "Ibague"]
[Date "2013.07.07"]
[Round "11"]
[White "Almanza, Rafael Andres"]
[Black "Cespedes, Cesar Ivan"]
[Result "1-0"]
[WhiteElo "2186"]
[BlackElo "2111"]
[PlyCount "51"]
[EventDate "2013.07.01"]
[EventType "swiss"]
[EventRounds "11"]
[EventCountry "COL"]
[SourceTitle "EXT 2014"]
[Source "ChessBase"]
[SourceDate "2013.11.20"]
[SourceVersion "1"]
[SourceVersionDate "2013.11.20"]
[SourceQuality "1"]

1. e4 e5 2. Nf3 Nc6 3. d4 exd4 4. Nxd4 Bc5 5. Nb3 Bb6 6. Nc3 d6 7. Qe2 Qe7 8. Be3 Nf6 9. 0-0-0 Be6 10. Kb1 Bxb3 11. cxb3 Bxe3 12. Qxe3 0-0 13. f3 Rad8 14. Bc4 a6 15. g4 b5 16. g5 Nxe4 17. Nxe4 bxc4 18. bxc4 Rfe8 19. h4 Qe6 20. Rhg1 Kf8 21. h5 Ne5 22. h6 Nxf3 23. g6 fxg6 24. Qxf3+ Kg8 25. Ng5 Qxc4 26. Rg4 1-0

[Event "COL-ch"]
[Site "Ibague"]
[Date "2013.07.04"]
[Round "6"]
[White "Torres, Jorge Emilio"]
[Black "Almanza, Rafael Andres"]
[Result "0-1"]
[WhiteElo "2000"]
[BlackElo "2186"]
[PlyCount "112"]
[EventDate "2013.07.01"]
[EventType "swiss"]
[EventRounds "11"]
[EventCountry "COL"]
[SourceTitle "EXT 2014"]
[Source "ChessBase"]
[SourceDate "2013.11.20"]
[SourceVersion "1"]
[SourceVersionDate "2013.11.20"]
[SourceQuality "1"]

1. d4 Nf6 2. Nf3 g6 3. b3 Bg7 4. Bb2 d5 5. e3 Ne4 6. Be2 c5 7. 0-0 Nc6 8. Nbd2 0-0 9. c4 Nxd2 10. Qxd2 cxd4 11. exd4 Bg4 12. Rfd1 Rc8 13. Rac1 a5 14. Qf4 Bf5 15. Ne5 a4 16. Ba3 axb3 17. Nxc6 Rxc6 18. axb3 Ra6 19. Bc5 Ra2 20. Bf3 b6 21. Bb4 Bc2 22. Rxc2 Rxc2 23. Bxd5 Rb2 24. Qf3 e6 25. Bxf8 Qxf8 26. Bc6 Qb4 27. Be8 f5 28. h3 Qxb3 29. Qxb3 Rxb3 30. Bb5 Kf8 31. d5 exd5 32. Rxd5 Rb1+ 33. Kh2 Re1 34. g3 Re4 35. Kg2 Bf6 36. Kf3 Be7 37. g4 Bg5 38. Kg3 Bf4+ 39. Kh4 g5+ 40. Kh5 fxg4 41. Rf5+ Kg7 42. hxg4 Re2 43. Rxf4 gxf4 44. f3 h6 45. g5 Re5 46. Kg4 Rxg5+ 47. Kxf4 Kf6 48. Bd7 h5 49. Bc8 h4 50. Bd7 Rg1 51. Bc8 Ke7 52. Bf5 Kd6 53. Bc8 Kc5 54. Be6 Rg6 55. Bd5 h3 56. Kf5 Rg1 0-1

[Event "Bogota District final"]
[Site "Bogota"]
[Date "2013.04.14"]
[Round "7"]
[White "Lozano Ramirez, Nestor Favian"]
[Black "Almanza, Rafael Andres"]
[Result "0-1"]
[WhiteElo "2076"]
[BlackElo "2167"]
[PlyCount "84"]
[EventDate "2013.04.11"]
[EventType "tourn"]
[EventRounds "9"]
[EventCountry "COL"]
[SourceTitle "EXT 2018"]
[Source "ChessBase"]
[SourceDate "2017.10.13"]
[SourceVersion "1"]
[SourceVersionDate "2017.10.13"]
[SourceQuality "1"]

1. c4 Nf6 2. g3 g6 3. Bg2 d5 4. cxd5 Nxd5 5. Nc3 Nb6 6. d3 Bg7 7. Be3 Nc6 8. Qd2 Nd4 9. Rc1 Nf5 10. Bc5 0-0 11. Nf3 c6 12. 0-0 Nd7 13. Ba3 Nd6 14. Ng5 Bh6 15. f4 Nb6 16. b3 Ndc4 17. bxc4 Nxc4 18. Qd1 Qb6+ 19. Kh1 Nxa3 20. Qa4 Nb5 21. Nxb5 cxb5 22. Qb4 Bg4 23. h3 Bxe2 24. Rfe1 Bxd3 25. Rxe7 Bc4 26. Rxb7 Qe3 27. Qc3 Qxc3 28. Rxc3 Bxg5 29. fxg5 Rad8 30. Rc2 Rd3 31. Rxa7 Rxg3 32. Ra5 Rd8 33. Kh2 Rxg5 34. Rf2 h6 35. a4 bxa4 36. Rxa4 Be6 37. Ra3 Rc5 38. Re2 Rdc8 39. Be4 Kg7 40. Ra7 Re5 41. Kg3 Rc3+ 42. Kf4 Kf6 0-1

[Event "Bogota op 10"]
[Site "Bogota"]
[Date "2012.10.17"]
[Round "7"]
[White "Barrientos Chavarriaga, Sergio E"]
[Black "Almanza, Rafael Andres"]
[Result "1-0"]
[WhiteElo "2454"]
[BlackElo "2162"]
[PlyCount "89"]
[EventDate "2012.10.11"]
[EventType "swiss"]
[EventRounds "9"]
[EventCountry "COL"]
[SourceTitle "EXT 2013"]
[Source "ChessBase"]
[SourceDate "2012.11.22"]
[SourceVersion "1"]
[SourceVersionDate "2012.11.22"]
[SourceQuality "1"]

1. e4 e6 2. d4 d5 3. Nd2 c5 4. Ngf3 Nc6 5. exd5 exd5 6. Bb5 Bd6 7. dxc5 Bxc5 8. 0-0 Nge7 9. Nb3 Bd6 10. c3 Bg4 11. h3 Bh5 12. Bd3 Bc7 13. Re1 h6 14. Be2 Qd6 15. g3 Qd7 16. Nfd4 Bxe2 17. Qxe2 0-0 18. Qg4 f5 19. Qe2 Ng6 20. Qe6+ Qxe6 21. Rxe6 Kf7 22. Bd2 Nxd4 23. Nxd4 Be5 24. Re1 Bxd4 25. cxd4 Rfe8 26. Rd6 Red8 27. Ree6 Ne7 28. Bb4 Nc6 29. Bc5 Rac8 30. Kg2 f4 31. gxf4 Rxd6 32. Rxd6 b6 33. Ba3 Nd8 34. Rxd5 Ne6 35. Rd7+ Kf6 36. Bd6 a5 37. Be5+ Kf5 38. Rf7+ Ke4 39. f3+ Ke3 40. Kg3 g5 41. Re7 Nc5 42. f5 Rc6 43. f6 Re6 44. Rxe6 Nxe6 45. f7 1-0

[Event "Bogota op 10"]
[Site "Bogota"]
[Date "2012.10.15"]
[Round "5"]
[White "Abril Guiza, Mauricio"]
[Black "Almanza, Rafael Andres"]
[Result "0-1"]
[WhiteElo "1970"]
[BlackElo "2162"]
[PlyCount "83"]
[EventDate "2012.10.11"]
[EventType "swiss"]
[EventRounds "9"]
[EventCountry "COL"]
[SourceTitle "EXT 2013"]
[Source "ChessBase"]
[SourceDate "2012.11.22"]
[SourceVersion "1"]
[SourceVersionDate "2012.11.22"]
[SourceQuality "1"]

1. Nf3 Nf6 2. c4 g6 3. g3 Bg7 4. Bg2 d5 5. e3 0-0 6. 0-0 c6 7. Qe2 Bf5 8. cxd5 cxd5 9. Nd4 Bd7 10. Nc3 e5 11. Nb3 Bc6 12. d4 e4 13. Bd2 Nbd7 14. Rac1 a5 15. a4 Nb6 16. Nc5 Nc4 17. Rc2 Nd6 18. Ra1 b6 19. Nb3 Qd7 20. Nc1 Nfe8 21. Qf1 f5 22. b3 Nf6 23. N1e2 g5 24. Rac1 Rac8 25. Bh1 h5 26. Qh3 Kf7 27. Nb5 Nxb5 28. axb5 Bxb5 29. Rxc8 Rxc8 30. Nc3 Bd3 31. Bg2 g4 32. Qh4 Kg6 33. h3 Rh8 34. f4 exf3 35. Bxf3 gxf3 36. Qf4 Rc8 37. e4 Nxe4 38. Nxe4 Rxc1+ 39. Bxc1 dxe4 40. Qg5+ Kf7 41. Qxh5+ Kf8 42. Kh2 0-1

[Event "Bogota op 07"]
[Site "Bogota"]
[Date "2012.07.19"]
[Round "1"]
[White "Borbon, Oscar"]
[Black "Almanza, Rafael Andres"]
[Result "0-1"]
[WhiteElo "1959"]
[BlackElo "2160"]
[PlyCount "134"]
[EventDate "2012.07.19"]
[EventType "swiss"]
[EventRounds "7"]
[EventCountry "COL"]
[SourceTitle "EXT 2024"]
[Source "ChessBase"]
[SourceDate "2023.10.10"]
[SourceVersion "1"]
[SourceVersionDate "2023.10.10"]
[SourceQuality "1"]

1. d4 Nf6 2. c4 g6 3. Nf3 Bg7 4. e3 0-0 5. Nc3 d5 6. cxd5 Nxd5 7. Bc4 Nb6 8. Be2 N8d7 9. 0-0 c6 10. b3 e5 11. dxe5 Nxe5 12. Bb2 Qe7 13. Qc2 Nxf3+ 14. Bxf3 Bf5 15. e4 Be6 16. a4 Qb4 17. Bd1 Rfd8 18. Na2 Qd2 19. Bxg7 Kxg7 20. Nc3 a5 21. Qxd2 Rxd2 22. f4 f5 23. exf5 gxf5 24. Re1 Kf6 25. g4 h6 26. g5+ hxg5 27. fxg5+ Ke7 28. h4 Rh8 29. h5 Rd3 30. Ra2 Rxc3 31. Rae2 Rg3+ 32. Kf2 Rxg5 33. Rxe6+ Kd7 34. Re7+ Kd6 35. R1e6+ Kc5 36. Rxb7 Nd5 37. Bf3 Rhxh5 38. Bxh5 Rxh5 39. Rb8 f4 40. Ree8 Rh2+ 41. Kf3 Rh3+ 42. Kf2 Rh2+ 43. Kf3 Rh3+ 44. Kg2 Rg3+ 45. Kf2 Kd4 46. Rb7 Nb4 47. Rd7+ Kc5 48. Re5+ Kb6 49. Rf5 Rxb3 50. Rxf4 Nd3+ 51. Rxd3 Rxd3 52. Ke2 Rb3 53. Rf1 Rb4 54. Ra1 Kc5 55. Kd3 Rb3+ 56. Kc2 Rh3 57. Rb1 Ra3 58. Kb2 Rxa4 59. Rc1+ Kb5 60. Rg1 Rh4 61. Rg2 c5 62. Ka2 Kb4 63. Re2 Kc3 64. Re3+ Kd2 65. Ra3 c4 66. Rxa5 c3 67. Rb5 Kc2 0-1

[Event "Santander UDI University op U27"]
[Site "Santander"]
[Date "2012.03.31"]
[Round "4"]
[White "Almanza, Rafael Andres"]
[Black "Duran, Fabian Alberto"]
[Result "0-1"]
[WhiteElo "2183"]
[BlackElo "1909"]
[PlyCount "54"]
[EventDate "2012.03.29"]
[EventType "swiss"]
[EventRounds "9"]
[EventCountry "COL"]
[SourceTitle "CBM 147 Extra"]
[Source "ChessBase"]
[SourceDate "2012.04.24"]
[SourceVersion "1"]
[SourceVersionDate "2012.04.24"]
[SourceQuality "1"]

1. e4 c5 2. Nf3 d6 3. d4 cxd4 4. Nxd4 Nf6 5. Nc3 a6 6. f4 e6 7. Be3 Be7 8. Qf3 Qc7 9. g4 Nc6 10. g5 Nd7 11. 0-0-0 b5 12. h4 Nb6 13. Bxb5 axb5 14. Ndxb5 Qb8 15. Bxb6 Qxb6 16. Nxd6+ Bxd6 17. Rxd6 Rb8 18. b3 Bb7 19. Rhd1 Qb4 20. Kb2 Ra8 21. Nb1 0-0 22. h5 Rfc8 23. a3 Qc5 24. Qc3 Qf2 25. Rd7 Rab8 26. Rxb7 Rxb7 27. Qxc6 Rbb8 0-1